Sports Quiz

Random Sports or Football Quiz

Premier League Olympians Quiz Stats

 Plays Quiz not verified by Sporcle

Challenge
Share
Tweet
Embed
Score 0/31 Timer 08:00
0 Plays Today
Year, Medal, Country Player % Correct
2004, Gold, ArgentinaCarlos Tévez
98.6%
2008 and 2004, Gold, ArgentinaJavier Mascherano
84.9%
2008, Gold, ArgentinaPablo Zabaleta
75.3%
1996, Gold, NigeriaNwankwo Kanu
75.3%
2008, Bronze, BrazilLucas Leiva
74%
2008, Bronze, BrazilAnderson
67.1%
2008, Silver, NigeriaVictor Anichebe
63%
1988, Bronze, West GermanyJürgen Klinsmann
63%
2008, Bronze, Brazil
61.6%
2000, Gold, CameroonGeremi
61.6%
1996, Bronze, BrazilJuninho
61.6%
2004, Gold, ArgentinaGabriel Heinze
60.3%
2008, Bronze, BrazilRamires
58.9%
2004, Gold, ArgentinaFabricio Coloccini
58.9%
1996, Gold, NigeriaJay-Jay Okocha
54.8%
1992, Gold, SpainAlbert Ferrer
53.4%
Year, Medal, Country Player % Correct
2000, Gold, CameroonLauren
52.1%
2008, Silver, NigeriaPeter Odemwingie
49.3%
1996, Gold, NigeriaCelestine Babayaro
47.9%
2008, Silver, NigeriaVictor Obinna
39.7%
1988, Bronze, West GermanyKarl-Heinz Riedle
39.7%
1996, Silver, ArgentinaHernán Crespo
32.9%
2004, Gold, ArgentinaAndrés D'Alessandro
31.5%
2000, Silver, SpainAlbert Luque
27.4%
1996, Gold, NigeriaTaribo West
23.3%
1996, Gold, NigeriaDaniel Amokachi
21.9%
1996, Silver, ArgentinaChristian Bassedas
9.6%
1992, Bronze, GhanaAlex Nyarko
9.6%
1992, Bronze, GhanaNii Lamptey
8.2%
2000, Gold, CameroonPierre Womé
6.8%
1992, Silver, PolandPiotr Świerczewski
1.4%

You're not logged in!

Compare scores with friends on all Sporcle quizzes.
Join for Free
OR
Log In

You Might Also Like...

Show Comments

Extras

Top Quizzes Today


Score Distribution

Your Account Isn't Verified!

In order to create a playlist on Sporcle, you need to verify the email address you used during registration. Go to your Sporcle Settings to finish the process.

Report this User

Report this user for behavior that violates our Community Guidelines.

Details: